| 000 | 01111cam a22002891i 4500 | ||
|---|---|---|---|
| 003 | SA-RiAUC | ||
| 005 | 20250702070202.0 | ||
| 008 | 250630s2003 su g f00010 ara c | ||
| 020 | _a9960880435 | ||
| 040 |
_aSA-JeALM _bara _cSA-RiAUC _erda |
||
| 043 | _aa-su--- | ||
| 082 | 0 | 4 | _a915.3121 |
| 090 |
_a915.3121 _bر ب ي |
||
| 100 | 1 |
_aالربيعة، سعد بن أحمد، _dتوفي 1383 هجري _eمؤلف. |
|
| 245 | 1 | 0 |
_aرحلة الحاج من بلد الزبير ابن العوام إلى البلد الحرام / _cسعد بن أحمد الربيعة. |
| 264 | 1 |
_aالرياض : _bدارة الملك عبد العزيز، _c2003 |
|
| 300 |
_a154 صفحة ؛ _c22 سم. |
||
| 336 |
_aنص _btxt _2rdacontent _3كتاب |
||
| 337 |
_aبدون وسيط _bn _2rdamedia |
||
| 338 |
_aمجلد _bnc _2rdacarrier |
||
| 490 | 0 |
_aسلسلة كتاب الدارة ؛ _v4 |
|
| 500 | _aملاحظات من الشيخ رحمه الله في بداية الكتاب | ||
| 650 | 7 |
_aالحج _2aucsh |
|
| 650 | 2 | 7 |
_aالرحلات _2aucsh |
| 942 |
_2ddc _cBOOK _n0 |
||
| 949 |
_aSA-JeALM _d250630 _uosman123 _n1 |
||
| 999 |
_c9406 _d9406 |
||